00856nam a2200205 a 4500001001000000003000900010005001700019007000300036008004100039040002500080082001400105110005500119245007200174260005500246300002100301500005300322610007400375610016800449700003300617000028754DO-SdBNP20240229073821.0ta110412s2000 dr 000 0 spa d aDO-SdBNPbspacBNPHU 4222bS959r2 aSuprema Corte de Justicia (República Dominicana)10aRendición de cuentas tercer aniversario, b4 de agosto del 2000 / aSanto Domingo :bSuprema Corte de Justicia,c2000. a104 P. ;c22 cm. aRendición presentada Dr. Jorge A. Subero Isa  02 aRepública DominicanabPoder JudicialbSuprema Corte de Justicia 02Justice, Administration of -- Dominican Republic. Justicia, Administración de -- República Dominicana.bAdministración de Justicia xRepública Dominicana.1 aSubero Isa, Jorge A.,d1947-